00256nam a2200097Ia 4500008004100000082001700041100002000058245003100078260004100109300000800150140316s9999 xx 000 0 und d a170bRAN/ PH aRanganathananda aPhilsophy and spirituality aBombaybBharatiya vidya bhavanc1994 a572